000 00525nam a2200181 i 4500
001 22327
003 ES-MaACL
005 20250128063136.0
007 t|
008 021202s1912 sp ||||1| spa d
100 1 _aAldea Lafuente, Ricardo.
_919622
245 1 0 _aSobre algunas anomalías crioscópias /
_cRicardo Aldea Lafuente.
260 _aZaragoza :
_b[s.n.,
_c1912] (
_fTip. de G. Cascañal)
502 _aTesis doctoral.
852 _aES-MaACL
_jT-1369-F-3
_cDEPOF
942 _2udc
999 _c22327
_d22327